[Event "Antofagasta Zicosur op 2nd"]
[Site "Antofagasta"]
[Date "2016.01.09"]
[Round "8"]
[White "Diaz Herrera, German"]
[Black "Chandia Galvez, Omar"]
[Result "0-1"]
[WhiteElo "1809"]
[BlackElo "1995"]
[PlyCount "38"]
[EventDate "2016.01.05"]
[EventType "swiss"]
[EventRounds "9"]
[EventCountry "CHI"]
[SourceTitle "CBM 170 Extra"]
[Source "ChessBase"]
[SourceDate "2016.02.25"]
[SourceVersion "1"]
[SourceVersionDate "2016.02.25"]
[SourceQuality "1"]

1. e4 d5 2. exd5 Nf6 3. Nc3 Nxd5 4. Nxd5 Qxd5 5. Nf3 Bg4 6. Be2 Nc6 7. 0-0 e5 8. d3 0-0-0 9. Be3 h5 10. c4 Qd7 11. a3 f6 12. Qa4 Kb8 13. b4 Nd4 14. Qd1 Nxe2+ 15. Qxe2 Be7 16. Rfd1 g5 17. Rab1 f5 18. Nxe5 Bxe2 19. Nxd7+ Rxd7 0-1

[Event "Antofagasta Zicosur op 2nd"]
[Site "Antofagasta"]
[Date "2016.01.07"]
[Round "5"]
[White "Chandia Galvez, Omar"]
[Black "Avalos Parra, Joao"]
[Result "0-1"]
[WhiteElo "1995"]
[BlackElo "2148"]
[PlyCount "100"]
[EventDate "2016.01.05"]
[EventType "swiss"]
[EventRounds "9"]
[EventCountry "CHI"]
[SourceTitle "CBM 170 Extra"]
[Source "ChessBase"]
[SourceDate "2016.02.25"]
[SourceVersion "1"]
[SourceVersionDate "2016.02.25"]
[SourceQuality "1"]

1. e4 e6 2. d4 d5 3. Nc3 Bb4 4. a3 Bxc3+ 5. bxc3 Ne7 6. e5 c5 7. Ne2 Nbc6 8. g3 Qa5 9. Bd2 Qa4 10. Be3 b6 11. Nc1 Ba6 12. Bxa6 Qxa6 13. Ne2 cxd4 14. cxd4 Rc8 15. 0-0 Qc4 16. c3 Nf5 17. Bc1 Na5 18. Rb1 0-0 19. Rb4 Qa6 20. a4 Nc4 21. Qd3 Qb7 22. g4 Ne7 23. Ng3 f6 24. f4 f5 25. g5 Qd7 26. Nh5 a5 27. Rb5 Nc6 28. Qh3 Na7 29. Kh1 Nxb5 30. axb5 g6 31. Nf6+ Rxf6 32. gxf6 a4 33. Qh6 a3 34. Rg1 Qf7 35. h4 Kh8 36. h5 Rg8 37. Bxa3 gxh5 38. Rxg8+ Kxg8 39. Be7 Ne3 40. Bb4 Ng4 41. Qg5+ Kh8 42. Bc5 Nf2+ 43. Kg2 Ne4 44. Qg7+ Qxg7+ 45. fxg7+ Kxg7 46. c4 dxc4 47. Bxb6 Nc3 48. d5 exd5 49. e6 Nxb5 50. e7 Kf7 0-1

[Event "Antofagasta Zicosur op 2nd"]
[Site "Antofagasta"]
[Date "2016.01.06"]
[Round "3"]
[White "Chandia Galvez, Omar"]
[Black "Romero Araya, Diego Alonso"]
[Result "1-0"]
[WhiteElo "1995"]
[BlackElo "2246"]
[PlyCount "151"]
[EventDate "2016.01.05"]
[EventType "swiss"]
[EventRounds "9"]
[EventCountry "CHI"]
[SourceTitle "CBM 170 Extra"]
[Source "ChessBase"]
[SourceDate "2016.02.25"]
[SourceVersion "1"]
[SourceVersionDate "2016.02.25"]
[SourceQuality "1"]

1. e4 c6 2. d4 d5 3. Nc3 dxe4 4. Nxe4 Bf5 5. Ng3 Bg6 6. h4 h6 7. Nf3 Nd7 8. Bc4 e6 9. Qe2 Ngf6 10. h5 Bh7 11. Ne5 Nxe5 12. dxe5 Nd5 13. 0-0 Qh4 14. Bxd5 exd5 15. Be3 Qc4 16. Qf3 Qxc2 17. Qg4 Qc4 18. f4 Bc5 19. Bxc5 Qxc5+ 20. Kh2 Qe7 21. Rae1 a5 22. Ne2 Bd3 23. Rf3 Bf5 24. Qg3 0-0 25. Nd4 Qd7 26. Qh4 Rae8 27. Rg3 Kh7 28. Rxg7+ Kh8 29. e6 Qe7 30. Qxe7 Rxe7 31. Nxf5 Rxe6 32. Re5 Rfe8 33. Rxf7 Rxe5 34. fxe5 Rxe5 35. Kh3 b5 36. Ng3 d4 37. Rd7 c5 38. Kg4 Kg8 39. Kf4 Rg5 40. Kf3 Kf8 41. Rd6 Kg7 42. Kf4 Kh7 43. Rd7+ Kg8 44. Nf5 Rxg2 45. Nxh6+ Kf8 46. Kf5 Ke8 47. Rd5 Rxb2 48. Rxc5 d3 49. Ng4 Rc2 50. Nf6+ Kf7 51. Rxb5 d2 52. Rb7+ Kf8 53. Rd7 d1Q 54. Rxd1 a4 55. Rd7 a3 56. h6 Rf2+ 57. Kg6 Rg2+ 58. Kf5 Rf2+ 59. Ke5 Rf5+ 60. Ke6 Re5+ 61. Kd6 Re6+ 62. Kc7 Rc6+ 63. Kb8 Rxf6 64. Rd8+ Ke7 65. h7 Kxd8 66. h8Q+ Ke7 67. Qh4 Ke6 68. Qh3+ Ke7 69. Qxa3+ Kf7 70. Qb3+ Ke7 71. Qb4+ Kd7 72. Qb5+ Kd8 73. Qg5 Ke7 74. a4 Kf7 75. Qxf6+ Kxf6 76. a5 1-0

[Event "Santiago Endesa 14"]
[Site "Santiago de Chile"]
[Date "2009.07.06"]
[Round "3"]
[White "Lopez Espinoza, Martin"]
[Black "Chandia Galvez, Omar"]
[Result "0-1"]
[WhiteElo "1835"]
[BlackElo "2065"]
[PlyCount "74"]
[EventDate "2009.07.01"]
[EventType "tourn"]
[EventRounds "11"]
[EventCountry "CHI"]
[SourceTitle "EXT 2012"]
[Source "ChessBase"]
[SourceDate "2011.11.24"]
[SourceVersion "1"]
[SourceVersionDate "2011.11.24"]
[SourceQuality "1"]

1. e4 c5 2. c3 d5 3. exd5 Qxd5 4. d4 Nc6 5. Nf3 Bf5 6. Na3 cxd4 7. Nb5 0-0-0 8. cxd4 e5 9. Bd2 exd4 10. Rc1 Re8+ 11. Be2 Qxb5 12. Nxd4 Rxe2+ 13. Qxe2 Qxe2+ 14. Kxe2 Be4 15. f3 Bd5 16. b4 Kd7 17. Nxc6 bxc6 18. Rhd1 Bd6 19. b5 cxb5 20. Bc3 Ne7 21. Bxg7 Rg8 22. Bf6 Bc4+ 23. Kf2 Kc6 24. g3 Nf5 25. Re1 Nxg3 26. hxg3 Bxg3+ 27. Ke3 Re8+ 28. Kd2 Bxe1+ 29. Rxe1 Rxe1 30. Kxe1 Bxa2 31. Kd2 Bd5 32. f4 b4 33. Kd3 Kb5 34. Kc2 Be4+ 35. Kb3 a5 36. Be7 a4+ 37. Kb2 Kc4 0-1

[Event "CHI-ch "]
[Site "Santiago de Chile"]
[Date "2002.02.13"]
[Round "2"]
[White "Caceres Vasquez, Sergio"]
[Black "Chandia Galvez, Omar"]
[Result "1-0"]
[WhiteElo "2245"]
[BlackElo "2061"]
[PlyCount "71"]
[EventDate "2002.02.12"]
[EventType "swiss"]
[EventRounds "11"]
[EventCountry "CHI"]
[SourceTitle "CBM 086 Extra"]
[Source "ChessBase"]
[SourceDate "2002.03.14"]
[SourceVersion "1"]
[SourceVersionDate "2002.03.14"]
[SourceQuality "1"]

1. d4 Nf6 2. c4 e6 3. Nc3 Bb4 4. e3 c5 5. Nge2 0-0 6. a3 cxd4 7. axb4 dxc3 8. Nxc3 Nc6 9. b5 Ne5 10. Be2 Qc7 11. Qd4 b6 12. 0-0 Bb7 13. e4 Ng6 14. f4 d5 15. cxd5 exd5 16. Nxd5 Bxd5 17. exd5 Rfd8 18. Bc4 Ne7 19. b3 Nexd5 20. Bb2 Ne7 21. Qe3 Ng4 22. Qg3 h5 23. h3 Nf5 24. Qf3 Qc5+ 25. Kh1 Nge3 26. Rfc1 Nxc4 27. bxc4 Rac8 28. Rd1 Rxd1+ 29. Qxd1 Qf2 30. Qd7 Ng3+ 31. Kh2 Rf8 32. Qd4 Qxd4 33. Bxd4 h4 34. Rxa7 Rc8 35. Bxb6 Rxc4 36. Bf2 1-0